000 00343nam a2200145Ia 4500
005 20250404043256.0
008 240331s9999 xx 000 0 und d
082 _bSOM
_a894
100 _aSomu, M
245 0 _aEllai thanda agathigal
260 _aTiruchi
_bTamil Kural Pathippagam
_c1994
300 _a206 p .,
650 _aNoval
942 _cL
999 _c3779
_d3779